000 00360 a2200109 4500
001 ART_41693
005 20260410161755.0
008 260409a
245 1 0 _aRégimen cambiario del ingreso de divisas por exportaciones de bienes y servicios
100 1 _aBibiloni, Mario J.
773 0 _tDoctrina tributaria
_g- Nº 371 (feb. 2011)
_wREV4296
999 _c20020
_d20020